[Event "SVK-chT1W 0304"]
[Site "Slovakia"]
[Date "2004.??.??"]
[Round "11"]
[White "Puchart, Vladimir"]
[Black "Vychodil, Milan"]
[Result "0-1"]
[WhiteElo "2145"]
[BlackElo "2070"]
[PlyCount "60"]
[EventDate "2003.10.??"]
[EventType "team"]
[EventRounds "9"]
[EventCountry "SVK"]
[SourceTitle "EXT 2007"]
[Source "ChessBase"]
[SourceDate "2006.11.23"]
[SourceVersion "1"]
[SourceVersionDate "2006.11.23"]
[SourceQuality "1"]

1. d4 Nf6 2. c4 c5 3. d5 b5 4. Nf3 g6 5. g3 d6 6. Bg2 Bg7 7. 0-0 0-0 8. Re1 bxc4 9. Nfd2 c3 10. Nxc3 Nbd7 11. h3 Nb6 12. Kh2 Rb8 13. f4 e6 14. dxe6 fxe6 15. Qc2 d5 16. e4 d4 17. Nd1 Qc7 18. Nf3 Rd8 19. Nf2 c4 20. Rd1 Qc5 21. e5 Nfd5 22. Rxd4 Ba6 23. Ne4 Qc7 24. Neg5 Qc6 25. Bd2 Bf8 26. Nh4 Rd7 27. Be4 Bc5 28. Bc3 Bxd4 29. Bxd4 Re8 30. Rd1 Qb5 0-1

[Event "SVK-chT1W 0304"]
[Site "Slovakia"]
[Date "2004.??.??"]
[Round "5"]
[White "Vychodil, Milan"]
[Black "Breja, Stanislav"]
[Result "0-1"]
[WhiteElo "2100"]
[BlackElo "2120"]
[PlyCount "65"]
[EventDate "2003.10.??"]
[EventType "team"]
[EventRounds "9"]
[EventCountry "SVK"]
[SourceTitle "EXT 2007"]
[Source "ChessBase"]
[SourceDate "2006.11.23"]
[SourceVersion "1"]
[SourceVersionDate "2006.11.23"]
[SourceQuality "1"]

1. e4 e5 2. d4 exd4 3. Qxd4 Nc6 4. Qe3 d6 5. Nc3 Nf6 6. Bd2 g6 7. 0-0-0 Bg7 8. f3 0-0 9. g4 d5 10. Qf2 dxe4 11. Be3 Qe8 12. g5 Nd7 13. Nxe4 Qe5 14. Nc3 Qa5 15. Nge2 Nb6 16. h4 Be6 17. Kb1 Rfd8 18. Nd4 Na4 19. Nxa4 Qxa4 20. b3 Qa3 21. c3 Nxd4 22. cxd4 c5 23. Bd3 cxd4 24. Bc1 Qa5 25. h5 Bf5 26. hxg6 Bxd3+ 27. Rxd3 fxg6 28. Qh4 Qf5 29. Qxh7+ Kf7 30. Rhd1 Rh8 31. Qxh8 Rxh8 32. Bb2 Rh1 33. Kc1 0-1

[Event "Tatry op"]
[Site "Tatranske Zruby"]
[Date "2003.09.29"]
[Round "4"]
[White "Vrana, Frantisek"]
[Black "Vychodil, Milan"]
[Result "1-0"]
[WhiteElo "2300"]
[BlackElo "2104"]
[PlyCount "85"]
[EventDate "2003.09.27"]
[EventType "swiss"]
[EventRounds "9"]
[EventCountry "SVK"]
[SourceTitle "CBM 096 Extra"]
[Source "ChessBase"]
[SourceDate "2003.10.22"]
[SourceVersion "2"]
[SourceVersionDate "2003.10.20"]
[SourceQuality "1"]

1. e4 d5 2. exd5 Qxd5 3. Nc3 Qa5 4. d4 c6 5. Nf3 Nf6 6. Bc4 Bf5 7. Ne5 e6 8. g4 Bg6 9. h4 Nbd7 10. Nxd7 Nxd7 11. Qe2 Bb4 12. Rh3 Nf6 13. h5 Be4 14. Bd2 Bd5 15. Bd3 0-0-0 16. a3 Bxc3 17. bxc3 Qc7 18. c4 Bxc4 19. Bxc4 Rxd4 20. Bc3 Re4 21. Re3 Qf4 22. Rxe4 Nxe4 23. Bxg7 Rg8 24. h6 Rd8 25. Bd3 Ng5 26. Qe3 Qxg4 27. Kd2 Rd5 28. Kc3 c5 29. f3 Qa4 30. Bc4 Rf5 31. f4 b5 32. Bd3 Qxf4 33. Qxf4 Rxf4 34. Bxb5 Ne4+ 35. Kb2 Nd6 36. Ba6+ Kd7 37. Rg1 f5 38. Be5 Rg4 39. Rd1 Rd4 40. Bxd4 cxd4 41. Rg1 e5 42. Rg7+ Ke6 43. Rxh7 1-0

[Event "SVK-chT1W 0304"]
[Site "Slovakia"]
[Date "2003.??.??"]
[Round "3"]
[White "Vychodil, Milan"]
[Black "Harasta, Vladimir"]
[Result "1-0"]
[WhiteElo "2100"]
[BlackElo "2190"]
[PlyCount "68"]
[EventDate "2003.10.??"]
[EventType "team"]
[EventRounds "9"]
[EventCountry "SVK"]
[SourceTitle "EXT 2007"]
[Source "ChessBase"]
[SourceDate "2006.11.23"]
[SourceVersion "1"]
[SourceVersionDate "2006.11.23"]
[SourceQuality "1"]

1. e4 e5 2. d4 exd4 3. Qxd4 Nc6 4. Qe3 Bb4+ 5. Nc3 Nf6 6. Bd2 0-0 7. 0-0-0 Re8 8. Qg3 d6 9. f3 Ne5 10. h4 Kh8 11. h5 h6 12. Qh2 Nh7 13. g4 Be6 14. Qg3 f6 15. Nh3 c6 16. f4 Nf7 17. Bd3 Qa5 18. Rdg1 Re7 19. g5 fxg5 20. e5 Bxh3 21. Qxh3 dxe5 22. Bxh7 Kxh7 23. Qf5+ Kg8 24. fxg5 e4 25. Qh3 e3 26. Be1 Nxg5 27. Rg4 Rf8 28. Qh4 Bxc3 29. Bxc3 Qxa2 30. b3 Qa3+ 31. Bb2 Qc5 32. Rhg1 Qf5 33. Rf4 Qc8 34. Rxg5 Rxf4 1-0

[Event "SVK-chT1W 0304"]
[Site "Slovakia"]
[Date "2003.??.??"]
[Round "4"]
[White "Vychodil, Milan"]
[Black "Sarmir, Milos"]
[Result "1-0"]
[WhiteElo "2070"]
[BlackElo "2150"]
[PlyCount "57"]
[EventDate "2003.10.??"]
[EventType "team"]
[EventRounds "9"]
[EventCountry "SVK"]
[SourceTitle "EXT 2007"]
[Source "ChessBase"]
[SourceDate "2006.11.23"]
[SourceVersion "1"]
[SourceVersionDate "2006.11.23"]
[SourceQuality "1"]

1. e4 e5 2. d4 exd4 3. Qxd4 Nc6 4. Qe3 d6 5. Nc3 Nf6 6. Bd2 Be7 7. 0-0-0 a6 8. h3 Bd7 9. f4 h6 10. Nf3 Qb8 11. e5 dxe5 12. fxe5 Nh7 13. Bc4 Nf8 14. Nd5 Ne6 15. Nxe7 Nxe7 16. Nd4 Qc8 17. Bxe6 Bxe6 18. Qg3 0-0 19. Bxh6 Ng6 20. Be3 c5 21. Nf3 Qc6 22. h4 Qa4 23. a3 Qc4 24. h5 Qa2 25. hxg6 fxg6 26. Qh4 Qa1+ 27. Kd2 Rad8+ 28. Ke2 Bc4+ 29. Qxc4+ 1-0

[Event "SVK-chT1W 0203"]
[Site "Slovakia"]
[Date "2002.11.30"]
[Round "5.6"]
[White "Vychodil, Milan"]
[Black "Mikulas, Dusan"]
[Result "1-0"]
[WhiteElo "2154"]
[BlackElo "2078"]
[PlyCount "63"]
[EventDate "2002.10.12"]
[EventType "team-tourn"]
[EventRounds "11"]
[EventCountry "SVK"]
[SourceTitle "EXT 2005"]
[Source "ChessBase"]
[SourceDate "2004.11.15"]
[SourceVersion "1"]
[SourceVersionDate "2004.11.15"]
[SourceQuality "1"]
[WhiteTeam "Bratislava Doprastav"]
[BlackTeam "Bratislava DP "]
[WhiteTeamCountry "SVK"]
[BlackTeamCountry "SVK"]

1. e4 e5 2. d4 exd4 3. Qxd4 Nc6 4. Qe3 d6 5. Nc3 g6 6. Bd2 Bg7 7. 0-0-0 Qf6 8. Qg3 Be6 9. a3 h6 10. Bb5 a6 11. Bxc6+ bxc6 12. f4 Ne7 13. Nf3 Nc8 14. e5 Qe7 15. Nd4 dxe5 16. Nxc6 Qc5 17. Nxe5 0-0 18. Rhe1 Ne7 19. Ne4 Qb6 20. Bc3 Rab8 21. Qf3 Nd5 22. h3 Rfd8 23. g4 Qb5 24. Ng3 Bxe5 25. Rxe5 Qc4 26. Rd4 Qa2 27. f5 c5 28. fxe6 cxd4 29. Qxf7+ Kh8 30. Bxd4 Qa1+ 31. Kd2 Nc3 32. Rd5# 1-0

[Event "SVK-chT1W 0102"]
[Site "Slovakia"]
[Date "2002.??.??"]
[Round "8"]
[White "Toth Vano, Peter"]
[Black "Vychodil, Milan"]
[Result "1/2-1/2"]
[WhiteElo "2100"]
[BlackElo "2075"]
[PlyCount "36"]
[EventDate "2001.10.??"]
[EventType "team"]
[EventRounds "11"]
[EventCountry "SVK"]
[SourceTitle "EXT 2007"]
[Source "ChessBase"]
[SourceDate "2006.11.23"]
[SourceVersion "1"]
[SourceVersionDate "2006.11.23"]
[SourceQuality "1"]

1. e4 c5 2. Nf3 g6 3. Nc3 Bg7 4. d4 cxd4 5. Nxd4 Nc6 6. Be3 Nf6 7. f3 0-0 8. Qd2 d5 9. exd5 Nxd5 10. Nxd5 Qxd5 11. Nxc6 Qxc6 12. 0-0-0 Be6 13. Kb1 Qa4 14. a3 Rac8 15. Bd3 Rc3 16. Bh6 Rxa3 17. bxa3 Qxa3 18. Bxg7 Ba2+ 1/2-1/2